|
|
|
|
| LEADER |
00000nab a2200000 a 4500 |
| 001 |
vtls001561039 |
| 003 |
SK-MaSNL |
| 005 |
20260304134431.0 |
| 008 |
250505c2004 xo 0 slo |
| 015 |
|
|
|a SNBCL2005/2
|
| 035 |
|
|
|a SLK030549
|
| 035 |
|
|
|a urn:nbn:sk:snk-abbypl
|
| 035 |
|
|
|a (urnnbn)urn:nbn:sk:snk:ar-002opz
|
| 035 |
|
|
|a (uuid)972a1302-588a-400a-9107-e6395ccd5add
|
| 040 |
|
|
|a SNKBUCL
|b slo
|c SNKBUCL
|e AACR2
|
| 041 |
0 |
|
|a eng
|b eng
|
| 044 |
|
|
|a xo
|c SK
|
| 080 |
|
|
|a 556.11:556.53:597
|2 1981
|
| 100 |
1 |
|
|a Pichler, Mark W.
|4 aut
|9 1452322
|
| 245 |
1 |
0 |
|a A comparison of adjacent natural and channelised stretches of a lowland river
|c Mark W. Pichler, Gordon H. Copp, Valeria Szomolai
|
| 300 |
|
|
|b Obr., tab.
|
| 504 |
|
|
|a Res. angl.
|
| 504 |
|
|
|a Bibliogr. odkazy
|
| 650 |
0 |
7 |
|a rieky
|2 MESH
|9 29644
|
| 650 |
0 |
7 |
|a ryby
|x klasifikácia
|2 MESH
|9 1452323
|
| 650 |
0 |
7 |
|a ekológia
|2 MESH
|9 785
|
| 650 |
0 |
7 |
|a špecifickosť druhová
|2 MESH
|9 855823
|
| 650 |
0 |
7 |
|a eutrofikácia
|2 MESH
|9 1400308
|
| 700 |
1 |
|
|a Copp, Gordon H.
|4 aut
|9 1137420
|
| 700 |
1 |
|
|a Szomolai, Valeria
|4 aut
|9 717600
|
| 773 |
0 |
|
|t Biologia
|g Vol. 59, no. 5 (2004), p. 669-673
|x 0006-3088
|
| 850 |
|
|
|a Slovenská národná knižnica
|
| 852 |
|
|
|a Slovenská národná knižnica
|
| 954 |
|
|
|a odborná, vedecká literatúra cudzojazyčná (svetová)
|2 lita
|
| 958 |
|
|
|a article15
|
| 958 |
|
|
|a OND
|
| 958 |
|
|
|a EUIPO
|
| 999 |
|
|
|c 2906824
|d 2908754
|